000 00349 a2200169 4500
001 182205
020 _a82-0684
040 _cMagnum
100 _aSabino, Fernando
240 1 0 _aO menino no espelho
_lpor
245 1 0 _aO menino no espelho
300 _a196
362 0 _a1986
440 1 _aRecord
697 _aLITERATURA GERAL
942 _cBK
999 _c182205
_d182205